Place des bactéries dans les obstructions tubaires à Cotonou (Record no. 47007)
[ view plain ]
| 000 -LEADER | |
|---|---|
| fixed length control field | 00683nam a22002057a 4500 |
| 003 - CONTROL NUMBER IDENTIFIER | |
| control field | 0 |
| 005 - DATE AND TIME OF LATEST TRANSACTION | |
| control field | 20160609165432.0 |
| 008 - FIXED-LENGTH DATA ELEMENTS--GENERAL INFORMATION | |
| fixed length control field | 100224t xxu||||| |||| 00| 0 eng d |
| 037 ## - SOURCE OF ACQUISITION | |
| Stock number | M15571 |
| Source of stock number/acquisition | BIBLIO |
| 040 ## - SOURCE DU CATALOGAGE | |
| Original cataloging agency | UAC |
| Language of cataloging | T |
| Transcribing agency | EPAC |
| 082 ## - DEWEY DECIMAL CLASSIFICATION NUMBER | |
| Classification number | 26.ABM/CHA |
| 100 ## - VEDETTE PRINCIPALE - NOM DE PERSONNE | |
| Personal name | Raïmatou E. I. CHANOU; Adéline L. M. GNIMASSOU & Père Albert, C. S. HOUNSINOU |
| 9 (RLIN) | 3839 |
| 245 ## - TITLE STATEMENT | |
| Title | Place des bactéries dans les obstructions tubaires à Cotonou |
| 260 ## - PUBLICATION, DISTRIBUTION, ETC. (IMPRINT) | |
| Place of publication, distribution, etc | EPAC |
| Name of publisher, distributor, etc | BIBLIO |
| Date of publication, distribution, etc | 2006-2007 |
| 300 ## - PHYSICAL DESCRIPTION | |
| Extent | I -92 p |
| Dimensions | 29cm |
| 500 ## - GENERAL NOTE | |
| General note | Mem Ecole Polytechnique d'Abomey Calavi<br/>2007 |
| 650 ## - SUBJECT ADDED ENTRY--TOPICAL TERM | |
| Topical term or geographic name as entry element | PLACE - BACTERIE - OBSTRUCTION |
| 9 (RLIN) | 3840 |
| 700 ## - ADDED ENTRY--PERSONAL NAME | |
| Personal name | Honoré, BANKOLE; Servais, GANDJI |
| 9 (RLIN) | 3841 |
| 942 ## - ADDED ENTRY ELEMENTS (KOHA) | |
| Koha item type | Thèse et Memoire |
| Withdrawn status | Lost status | Damaged status | Not for loan | Location (home branch) | Sublocation or collection (holding branch) | Date acquired | Source of acquisition | Koha issues (times borrowed) | Koha full call number | Piece designation (barcode) | Koha date last seen | Copy number | Price effective from | Koha item type | Public note |
|---|---|---|---|---|---|---|---|---|---|---|---|---|---|---|---|
| Bibliothèque Ecole Polytechnique d'Abomey-Calavi | Bibliothèque Ecole Polytechnique d'Abomey-Calavi | 24/02/2010 | Don | 26.ABM/CHA | M15571 EPAC | 24/02/2010 | 3 | 24/02/2010 | Thèse et Memoire | 3 Exemplaires dont un exclu du prêt |